Mangas et anime - Quiz par lettre - I - Statistiques

Statistiques générales
  • Ce quiz a été pris 334 fois
  • Le résultat moyen est 9 sur 20
Statistiques - réponses
Indice Réponse % Correct
Protagoniste principal de Bleach Ichigo Kurosaki
95%
Dans Naruto, c'est le grand frère de Sasuke Itachi
94%
Prénom du protagoniste de My Hero Academia Izuku
87%
Animé adapté d'un jeu vidéo de football suivant les aventures du Collège Raimon Inazuma Eleven
80%
Sous-genre de manga dans lequel le protagoniste est transporté dans un monde différent du sien Isekai
78%
Profession de Joëlle dans Pokémon Infirmière
71%
Dans One Piece, c'est la prison sous-marine située sur Paradis Impel Down
65%
L'auteur de l'Attaque des Titans se nomme Hajime ______ Isayama
56%
Cet anime de courses de voiture est connu pour son OST Eurobeat Initial D
46%
C'est le nom de famille que partagent Orihime dans Bleach et l'auteur de Slam Dunk et Vagabond Inoue
40%
Dans Hunter x Hunter, c'est le prénom de Netero Isaac
34%
Dans Saint Seiya, il est le chevalier du Phénix Ikki
25%
Dans FullMetal Alchemist, nation de Scar dont le peuple fut massacré par Amestris Ishval
23%
Dans Hetalia, c'est le pays protagoniste du manga, petit-fils de l'Empire roman Italie du Nord
23%
Manga dans lequel la jeune Kagome trouve un passage vers le Japon féodal et y rencontre un homme--démon-loup Inu-Yasha
22%
Complétez ce titre: Last Hero ________ Inuyashiki
16%
Complétez ce titre: Maison _______ Ikkoku
13%
Dans Noragami, déesse qui dirige le Royaume des Morts Izanami
6%
Grand réalisateur japonais qui a réalisé Heidi et Anne... la maison aux pignons verts Isao Takahata
4%
Dans Yu-Gi-Oh!: Vrains, ce sont des I.A que la société de Varis veut détruire Ignis
2%
Aucun quiz correspondant
Distribution des résultats
% des personnes avec chaque résultat
Percentile par nombre de réponses
Votre historique - résultats
Vous n’avez pas pris ce quiz